000 01332nam a2200253Ia 4500
999 _c34416
_d34416
001 139
003 GE_BSU
005 20241015155816.0
008 181216s2010||||ge |||||||||||||| ||geo||
020 _a999286382X
040 _cGE_BSU
041 _ageo
080 _a615(075.8) თ–87
100 _aთურმანაული, გივი
_9616
245 _aსამედიცინო ფარმაკოლოგია :
_bსახელმძღვ. სტომატოლოგიური ფაკ. სტუდ. სილაბუსით /
_cგიორგი (გივი) თურმანაული; თბილ. სახელმწ. სამედ. უნ-ტის სამედ. ფარმაკოლოგიის დეპარტამეტი.
250 _aმე-3 სასწავლო გამოცემა
264 _aთბილისი :
_bცის ნამი,
_c2010.
300 _a628 გვ.:
_bცხრ., სურ. ;
_c21 სმ.
541 _h20 ლ.
653 _aფარმაკოლოგია
653 _aმედიცინა
710 _aთბილ. სახელმწ. სამედ. უნ-ტის სამედ. ფარმაკოლოგიის დეპარტამეტი.
_923403
942 _cBK
_2udc